LEADER 01232nam a2200241 i 4500 001 000000162831 003 CaOOAMICUS 005 20070710000000.0 008 070710s1972 it u000 u ita u 013 $a140195 040 $aSeMil$bita 100 1 $aZambernardi, Giuseppe .$0(OLS)http://semarc/name/93580 245 10$aQuasi mille anni dopo Vallombrosa a Firenze :$bovvero uno splendido Centenario : conferenza tenuta nella Sala del Duecento di Palazzo Vecchio a Firenze, 1. marzo 1972 /$cGiuseppe Zambernardi. 260 $a[Firenze :$bs.n.],$c1972$e(Firenze :$fTip. Istituto Gualandi,$g1972) 300 $a37 p. ;$c24 cm. 500 $aFondo Card. Giovanni Colombo. 650 4$aReggello - Abbazia di Vallombrosa.$0(OLS)http://semarc/subject/5051 850 $aSeMil 852 $aSeMil$W1$xVenegono$y1$m5C IX 3/20$j114156$B114156$CSeMilBibl$Z2$F126157 $81 941 1 $a3 961 $aLascito: Colombo Card. Giovanni 996 $6245$aQuasi mille anni dopo Vallombrosa a Firenze :$bovvero uno splendido Centenario : conferenza tenuta nella Sala del Duecento di Palazzo Vecchio a Firenze, 1. marzo 1972$9(OLS)http://semarc/title/232302 996 $6260$a[Firenze :$bs.n.]$9(OLS)http://semarc/publisher/48457 LEADER 01269nam a2200277 i 4500 001 000000116232 003 CaOOAMICUS 005 20221003142301.0 008 030612s1997 it u000 u ita u 020 $a88-8065-135-8 040 $aSeMil$bita 245 03$aIl Vangelo della carità per una nuova società in Italia :$batti del 3. Convegno ecclesiale : Palermo, 20-24 novembre 1995. 264 1$aRoma :$bAVE,$c1997. 300 $a738 p. ;$c22 cm. 541 0 $aFondo card. C.M. Martini (2F IV 282) 650 4$aChiesa e società.$0(OLS)http://semarc/subject/715 710 2 $aConferenza Episcopale Italiana.$0(OLS)http://semarc/name/95789 711 0 $aConvegno Ecclesiale Nazionale <3. ; 1995 ; Palermo>.$0(OLS)http://semarc/name/116591 850 $aSeMil 852 $aSeMil$W1$xVenegono$y1$m2F IV 282$j71712$B71712$CSeMilBibl$Z2$F87097 $81 941 1 $a4 961 $aOmaggio: Martini Card. Carlo Maria 996 $6020$a88-8065-135-8$9(OLS)http://semarc/number/100301 996 $6245$aIl Vangelo della carità per una nuova società in Italia :$batti del 3. Convegno ecclesiale : Palermo, 20-24 novembre 1995$9(OLS)http://semarc/title/170430 996 $6264$aRoma :$bAVE$9(OLS)http://semarc/publisher/30251